Southville International School and Colleges
Your cart is empty.
  • Cart
  • Lists
    Public lists Eva Luna New books Lux_list list_1
    Your lists Log in to create your own lists
  • Log in to your account
  • Your cookies
  • Search history
Southville International School and Colleges
  • Advanced search
  • Recent comments
  • Most popular
  • Libraries

Log in to your account

Log in with GOOGLE


If you do not have an external account, but do have a local account, you can still log in:

  1. Home
  2. MARC view: COA flags NFA over rice allocation increase/
Normal view MARC view ISBD view

COA flags NFA over rice allocation increase/ (Record no. 361655)

[ view plain ]
MARC details
000 -LEADER
fixed length control field 00505nam a2200169Ia 4500
008 - FIXED-LENGTH DATA ELEMENTS--GENERAL INFORMATION
fixed length control field 190425s9999 xx 000 0 und d
100 ## - MAIN ENTRY--PERSONAL NAME
Personal name Marcelo, Elizabeth
245 ## - TITLE STATEMENT
Title COA flags NFA over rice allocation increase/
245 ## - TITLE STATEMENT
Statement of responsibility, etc Elizabeth Marcelo, Delon Porcalla, Evelyn Macairan, Ding Cervantes
260 ## - PUBLICATION, DISTRIBUTION, ETC. (IMPRINT)
Name of publisher, distributor, etc The Philippine Star
260 ## - PUBLICATION, DISTRIBUTION, ETC. (IMPRINT)
Date of publication, distribution, etc 2018
300 ## - PHYSICAL DESCRIPTION
Extent Page 6, August 28
440 ## - SERIES STATEMENT/ADDED ENTRY--TITLE
Title The Philippine Star
Volume number/sequential designation 33: 32
650 ## - SUBJECT ADDED ENTRY--TOPICAL TERM
Topical term or geographic name as entry element agriculture
650 ## - SUBJECT ADDED ENTRY--TOPICAL TERM
Topical term or geographic name as entry element rice
650 ## - SUBJECT ADDED ENTRY--TOPICAL TERM
Topical term or geographic name as entry element rice allocation
Holdings
Withdrawn status Lost status Damaged status Home library Current library Date acquired Total Checkouts Date last seen Price effective from Koha item type
          04/25/2019   04/25/2019 04/25/2019 Periodicals

COA flags NFA over rice allocation increase/

APA

Marcelo E., .COA flags NFA over rice allocation increase. : The Philippine Star.

Chicago

Marcelo Elizabeth, .COA flags NFA over rice allocation increase. : The Philippine Star.

Harvard

Marcelo E., .COA flags NFA over rice allocation increase. : The Philippine Star.

MLA

Marcelo Elizabeth, .: The Philippine Star. .

  • Place hold
  • Print
  • Cite
  • Add to your cart (remove)
  • Save record
    BIBTEX Dublin Core MARCXML MARC (non-Unicode/MARC-8) MARC (Unicode/UTF-8) MARC (Unicode/UTF-8, Standard) MODS (XML) RIS
  • More searches
    Search for this title in:
    Other Libraries (WorldCat) Other Databases (Google Scholar) Online Stores (Bookfinder.com) Open Library (openlibrary.org)

Exporting to Dublin Core...

SOUTHVILLE LIBRARY

Southville International School and Colleges Library

1281 Tropical Ave. Cor. Luxembourg St., BF Homes International, Las Pinas City

Tel. No. 8256374 / 252358 Loc. 117/146

Powered by Koha